000 00834nam a2200241Ia 4500
005 20150224125550.0
010 _aBAC-EN21 ENG-111813
020 _a9788131522950
_c550.00
020 _a8131522954
_c550.00
035 _aB-586459-487
035 _aEN-95345
037 _bAsian Book Centre/Ven
037 _bDBAD/PUB
082 _a535.028
100 _aSharma, B.M.
245 _aPhysics for joint entrance examination JEE (Advanced) :
_b optics & modern physics /
_cby B.M.Sharma
250 _a2nd ed
260 _c2014
_aDelhi
_bCengage Learning
270 _a418, F.I.E.,Patparganj
_bDelhi
_e110092
300 _c28cm(pbk)
_avarious pagings :
_bill.
942 _cEN
_2ddc
_mSHA
_h535.028
999 _c87964
_d87964